Taxi Driver 2.0. ¿Por qué UBER ya ha ganado la batalla? (Registro nro. 49274)
[ vista simple ]
| 000 -CABECERA | |
|---|---|
| Longitud fija campo de control | 01421naa a2200349 c 4500 |
| 001 - NÚMERO DE CONTROL | |
| Número de control | 49274 |
| 003 - IDENTIFICADOR DE NÚMERO DE CONTROL | |
| Identificador del número de control | ES-MaCES |
| 005 - FECHA Y HORA DE LA ÚLTIMA TRANSACCIÓN | |
| Fecha y hora de la última transacción | 20251115040003.0 |
| 008 - CAMPO FIJO DE DESCRIPCIÓN FIJA--INFORMACIÓN GENERAL | |
| Códigos de información de longitud fija | 170421s2017 sp ||||| t||||||| ||spa d |
| 040 ## - FUENTE DE CATALOGACIÓN | |
| Centro catalogador de origen | ES-MaCES |
| Lengua de catalogación | spa |
| Centro transcriptor | ES-MaCES |
| Centro modificado | ES-MaCES |
| 100 1# - ENCABEZAMIENTO PRINCIPAL--NOMBRE PERSONAL | |
| 9 (RLIN) | 5804 |
| Nombre de persona | Albert López-Ibor, Rocío |
| 245 10 - MENCIÓN DE TÍTULO | |
| Título | Taxi Driver 2.0. ¿Por qué UBER ya ha ganado la batalla? |
| Mención de responsabilidad, etc. | Rocío Albert, Rogelio Biazzi, Francisco Cabrillo |
| 500 ## - NOTA GENERAL | |
| Nota general | Resumen |
| 504 ## - NOTA DE BIBLIOGRAFÍA, ETC. | |
| Nota de bibliografía, etc. | Bibliografía: p. 187-188 |
| 610 27 - ASIENTO SECUNDARIO DE MATERIA--NOMBRE CORPORATIVO | |
| 9 (RLIN) | 39727 |
| Nombre de entidad corporativa o nombre de jurisdicción como elemento inicial | Uber (Firma) |
| 650 #4 - ASIENTO SECUNDARIO DE MATERIA--TÉRMINO DE MATERIA | |
| Término de materia o nombre geográfico como elemento inicial | economía colaborativa |
| 9 (RLIN) | 37923 |
| 650 #4 - ASIENTO SECUNDARIO DE MATERIA--TÉRMINO DE MATERIA | |
| 9 (RLIN) | 27076 |
| Término de materia o nombre geográfico como elemento inicial | teoría económica |
| 650 #4 - ASIENTO SECUNDARIO DE MATERIA--TÉRMINO DE MATERIA | |
| 9 (RLIN) | 30788 |
| Término de materia o nombre geográfico como elemento inicial | nuevas tecnologías |
| 650 #4 - ASIENTO SECUNDARIO DE MATERIA--TÉRMINO DE MATERIA | |
| 9 (RLIN) | 28236 |
| Término de materia o nombre geográfico como elemento inicial | cambio tecnológico |
| 650 #4 - ASIENTO SECUNDARIO DE MATERIA--TÉRMINO DE MATERIA | |
| 9 (RLIN) | 28432 |
| Término de materia o nombre geográfico como elemento inicial | conductor |
| 650 #4 - ASIENTO SECUNDARIO DE MATERIA--TÉRMINO DE MATERIA | |
| 9 (RLIN) | 28065 |
| Término de materia o nombre geográfico como elemento inicial | transporte urbano |
| 650 #4 - ASIENTO SECUNDARIO DE MATERIA--TÉRMINO DE MATERIA | |
| 9 (RLIN) | 28022 |
| Término de materia o nombre geográfico como elemento inicial | servicio del automóvil |
| 650 #4 - ASIENTO SECUNDARIO DE MATERIA--TÉRMINO DE MATERIA | |
| 9 (RLIN) | 27914 |
| Término de materia o nombre geográfico como elemento inicial | precio al consumidor |
| 650 #4 - ASIENTO SECUNDARIO DE MATERIA--TÉRMINO DE MATERIA | |
| 9 (RLIN) | 27898 |
| Término de materia o nombre geográfico como elemento inicial | mercado interior |
| 650 #4 - ASIENTO SECUNDARIO DE MATERIA--TÉRMINO DE MATERIA | |
| 9 (RLIN) | 27897 |
| Término de materia o nombre geográfico como elemento inicial | competencia |
| 653 10 - TÉRMINO DE INDEXACIÓN--NO CONTROLADO | |
| Término no controlado | Economía |
| 700 1# - ENCABEZAMIENTO SECUNDARIO--NOMBRE PERSONAL | |
| 9 (RLIN) | 38083 |
| Nombre de persona | Biazzi Solomonoff, Rogelio |
| 700 1# - ENCABEZAMIENTO SECUNDARIO--NOMBRE PERSONAL | |
| 9 (RLIN) | 36732 |
| Nombre de persona | Cabrillo Rodríguez, Francisco |
| 773 0# - ENTRADA DE DOCUMENTO FUENTE | |
| Itemnumber del ítem fuente | 85907 |
| Lugar, editor y fecha de publicación | Madrid (Padre Damián, 48, 28036) Fundación Fondo para la Investigación Económica y Social, Obra Social de la Confederación Española de Cajas de Ahorros |
| Otro identificador del documento | 088805 |
| Título | Papeles de economía española |
| Número de control del registro relacionado | (ES-MaCES)25203 |
| Parte(s) relacionada(s) | n. 151 (2017) {10187 R. 088805} ;p. 172-188 |
| 902 ## - CES. TIPO DE DOCUMENTO | |
| Tipodoc (006$c Sirtex) | ART Artículo de revista |
| 942 ## - ELEMENTOS KOHA | |
| Fuente de clasificaión o esquema | Clasificación propia del CES |
| Koha [por defecto] tipo de item | Artículos (1982-2017) |
| Parte de clasificación | Economía |
No hay ítems disponibles.
